1139 1240 1340 1949 1992 1604 1067 1250 1607 1388 1693 1757 1169 1280 1972 1749 1392 1161 1784 1743 1658 1962 1701 1000 1113 1895 1312 1437 1817 1551 1843 1899 1288 1967 1169 1848 1054 1551 1020 1063 1941 1941 1610 1735 1095 1214 1585 1172 1172 1947 1848 1168 1603 1659 1271 1758 1681 1465 1075 1716 1486 1109 1042 1946 1421 1558 1686 1170 1446 1912 1552 1930 1368 1522 1596 1615 1168 1154 1005 1427 1992 1694 1711 1965 1694 1875 1546 1477 1199 1358 1238 1879 1696 1619 1132 1127 1030 1800 1685 BCNSPRNW ULIB Ver.6.0+V

เปลี่ยนเป็นภาษาไทย

Change to English
 แสดงรายละเอียดบรรณานุกรม
  กลับหน้าหลัก

Brief Record : Get Marc (ISO 2709) : E-mail record : QR code < ปิดหน้าต่าง
LEADER : 00000nam 2200000uu 4500
001    13399123985
003     ULIB
008    141219s2556||||th 000 0 tha d
020    ^a9786167530987
060  4 ^aWE708^bก125
100 0  ^aกนกอร บุญพิทักษ์
245 10 ^aสารพันอาการปวดคอ คอเสื่อมและการผ่าตัด /^cกนกอร บุญพิทักษ์
260    ^aกรุงเทพฯ :^bFeel Good Pub.,^c2556
300    ^a207 หน้า :^bภาพประกอบ
500    ^aชื่อเรื่องจากปกนอก
650  7 ^aปวดคอ
650  7 ^aคอ^xโรค
650  7 ^aความเจ็บปวด
945    ^p160^l0^i037482
945    ^p160^l0^i037483
945    ^p160^l0^i037484
999    ^aเกษร โพธิ์สุวรรณ
รายการนี้ยังไม่มีแท็ก
คุณยังไม่ได้ล็อกอิน คุณสามารถมีกิจกรรมร่วมกับเว็บไซต์ได้ แต่ต้องล็อกอินก่อน ::
  ล็อกอิน

รายการสื่อสารสนเทศ

ลำดับที่ ประเภท เลขเรียก/บาร์โค้ด สถานที่ สถานะ
1. วิทยาศาสตร์การแพทย์ และสุขภาพ
หนังสือสำรอง
สถานะ=หนังสือสำรอง
WE708 ก125 ฉ.1 
  Barcode: 037482
ห้องสมุดวิทยาเขตสวรรค์ประชารักษ์
►ส่วนจัดเก็บหนังสือเก่า สปร
บนชั้น
  ขอยืม
2. วิทยาศาสตร์การแพทย์ และสุขภาพ
วิทยาศาสตร์การแพทย์ และสุขภาพ
สถานะ=หาย
WE708 ก125 ฉ.2 
  Barcode: 037483
ห้องสมุดวิทยาเขตสวรรค์ประชารักษ์
►ส่วนจัดเก็บหนังสือเก่า สปร
บนชั้น
  ขอยืม
3. วิทยาศาสตร์การแพทย์ และสุขภาพ
วิทยาศาสตร์การแพทย์ และสุขภาพ
WE708 ก125 ฉ.3 
  Barcode: 037484
ห้องสมุดวิทยาเขตสวรรค์ประชารักษ์
►ส่วนจัดเก็บหนังสือเก่า สปร
บนชั้น
  ขอยืม

รายการใกล้เคียง
    ผู้แต่ง [กนกอร บุญพิทักษ์]

    หัวเรื่อง [ปวดคอ]
    หัวเรื่อง [ความเจ็บปวด]

BibComment


ยังไม่เคยถูกคอมเมนท์

คอมเมนท์ทรัพยากรรายการนี้
  คอมเมนท์: สารพันอาการปวดคอ..


 Copyright 2026. Bcnsprnw @Library